00249nam a2200085 4500082001600000100003000016245006300046260003500109650001900144 a541.369 THE aThermodynamics part 1 & 2 aPrinciples of Chemical Processes:Thermodynamics part 1 & 2 aColombobOpen Universityc1975 aThermodynamics